Discurso democrático y pacifista y problemas de legitimidad en Costa Rica: 1986 - 1990 /
Shranjeno v:
| Glavni avtor: | |
|---|---|
| Format: | Tesis |
| Izdano: |
México D.F :
|
| Oznake: |
Označite
Brez oznak, prvi označite!
|
MARC
| LEADER | 00000 a a2200000 04500 | ||
|---|---|---|---|
| 001 | 24222 | ||
| 003 | |||
| 040 | |a CRAI/IIS |c CRAI/IIS | ||
| 090 | |a 16601.00 | ||
| 100 | |a Araya Jiménez, María del Carmen | ||
| 245 | |a Discurso democrático y pacifista y problemas de legitimidad en Costa Rica: 1986 - 1990 / |c María del Carmen Araya Jiménez | ||
| 260 | |a México D.F : | ||
| 300 | |a 158 p |b **no definido** |b fonodiscos | ||
| 502 | |a Tesis (Maestra en Ciencias Sociales) -- FLACSO. Programa de Maestría en Ciencias Sociales 1990-1992, 1992 | ||
| 999 | |c 18167 |d 18167 | ||
